My Little Pony Lessons Season 2 Quiz Stats

Quiz not verified by Sporcle

Challenge
Share
Tweet
Embed
Score 0/28 Timer 10:00
0 Plays Today
% Correct
Sisterhooves Social
92.3%
Family Appreciation Day
90.6%
Ponyville Confidential
90.6%
The Cutie Pox
88.8%
Hearts and Hooves Day
88.4%
A Friend In Deed
88%
Putting Your Hoof Down
87.1%
Baby Cakes
85.8%
Hurricane Fluttershy
85.8%
Read It and Weep
85%
Dragon Quest
84.5%
MMMystery on the Friendship Express
84.1%
Lesson Zero
83.7%
Sweet and Elite
83.3%
% Correct
The Mysterious Mare Do Well
82.4%
The Mysterious Mare Do Well
82%
Secret of My Excess
82%
Luna Eclipsed
81.5%
The Last Roundup
81.5%
Lesson Zero
79.4%
A Canterlot Wedding
79%
The Super Speedy Cider Squeezy 6000
78.5%
The Return of Harmony
78.1%
May the Best Pet Win!
77.7%
Hearth's Warming Eve
73.8%
The Super Speedy Cider Squeezy 6000
73.8%
Luna Eclipsed
72.1%
It's About Time
65.2%

You're not logged in!

Compare scores with friends on all Sporcle quizzes.
Sign Up with Email
OR
Log In

You Might Also Like...

Show Comments

Extras

Top Quizzes Today


Score Distribution

Your Account Isn't Verified!

In order to create a playlist on Sporcle, you need to verify the email address you used during registration. Go to your Sporcle Settings to finish the process.